000 00715cam a22002172 4500
001 0000019848
005 20151217152203.0
008 110222s xx 000 0 eng d
020 _a0135070659 :
040 _aKABU
_cKABU
100 1 _aKeat, Paul G.
_@0000160326
245 1 0 _aManagerial economics :
_beconomic tools for today's decision makers /
_cPaul G. Keat, Philip K. Y. Young.
250 _a6th ed.
260 _aUpper Saddle River, NJ. :
_bPearson Education,
_c2009.
300 _axxiii, 598 p.
650 0 _aManagerial economics.
_@0000150546
700 1 _aYoung, Philip K. Y.
_@0000159302
852 1 _9p7018.70 KES
908 _a110222
950 _@1
999 _c9098
_d9098